| 000 | 00505nam a2200181Ia 4500 | ||
|---|---|---|---|
| 005 | 20250508152906.0 | ||
| 008 | 008 250505s9999 xx 000 0 hin d | ||
| 037 | _aTextual | ||
| 040 |
_aFEDL _beng _cFEDL |
||
| 041 |
_ahin _2eng |
||
| 084 |
_a491.43, RIS _qFEDL |
||
| 100 |
_aRishi Gopal _971275 |
||
| 245 | 0 | _aHindi ka bhasha-vaigyanik addhyan | |
| 260 |
_aJalandhar, India _bBhartiya Sanskrit Bhavan |
||
| 300 | _a480p. | ||
| 942 |
_cTEXL _h491.43, RIS |
||
| 999 |
_c1339451 _d1339451 |
||